Веселые истории: Для детей

Bibliographic Details
Other Authors: Леонович И. (переводчик), Хатчингс Т. (иллюстратор)
Language:Russian
Published: Москва, Польско-сов. изд.-полигр. о-во Орбита Моск. фил., 1994
Subjects:
Format: MixedMaterials Book
KOHA link:https://koha.lib.tpu.ru/cgi-bin/koha/opac-detail.pl?biblionumber=127811

MARC

LEADER 00000nam0a2200000 4500
001 127811
005 20231031132359.0
010 |a 5852101192 
020 |a RU  |b 94-22106 
035 |a (RuTPU)RU\TPU\book\138259 
090 |a 127811 
100 |a 20071220d9999 c a0rusy5003 ca 
101 1 |a rus  |c eng 
102 |a RU 
105 |a a z 000ay 
200 1 |a Веселые истории  |e Для детей  |f пер. с англ. И. Леонович ; худож. Т. Хатчингс 
210 |a Москва  |c Польско-сов. изд.-полигр. о-во Орбита Моск. фил.  |d 1994 
215 |a [157] с.  |c в основном цв. ил.  |d 30 см 
610 0 |a Сказки 
610 0 |a детская литература 
675 |a 82  |z rus 
702 1 |a Леонович  |b И.  |4 730 
702 1 |a Хатчингс  |b Т.  |4 440 
801 0 |a RU  |b RuMRKP  |c 19950413  |g psbo 
801 1 |a RU  |b 63413507  |c 20071220  |g PSBO 
801 2 |a RU  |b 63413507  |c 20071220  |g PSBO 
942 |c BK